Catálogo público

Lecons d'anatomie comparée (Record no. 33860)

MARC details
000 -CABECERA
campo de control de longitud fija 00987nam a22003257a 4500
003 - IDENTIFICADOR DEL NÚMERO DE CONTROL
campo de control CHAP
005 - FECHA Y HORA DE LA ÚLTIMA TRANSACCIÓN
campo de control 20220329135305.0
008 - DATOS DE LONGITUD FIJA--INFORMACIÓN GENERAL
campo de control de longitud fija 971013c18361840 r 00010 d
010 ## - NÚMERO DE CONTROL DE LA BIBLIOTECA DEL CONGRESO
Número de control de LC 33860
011 ## - ENLACE DEL NUMERO DE CONTROL DE LA BIBLIOTECA DEL CONGRESO [OBSOLETO]
Número de control de LC 34832
035 ## - NÚMERO DE CONTROL DEL SISTEMA
Número de control de sistema 38948
040 ## - FUENTE DE LA CATALOGACIÓN
Centro/agencia transcriptor CHAP
082 ## - NÚMERO DE LA CLASIFICACIÓN DECIMAL DEWEY
Número de clasificación 591.4
Número de documento/Ítem C8
100 00 - ENTRADA PRINCIPAL--NOMBRE DE PERSONA
Nombre de persona Cuvier, Georges.
9 (RLIN) 30769
245 ## - MENCIÓN DE TÍTULO
Título Lecons d'anatomie comparée
250 ## - MENCIÓN DE EDICIÓN
Mención de edición 3 ed.
260 ## - PUBLICACIÓN, DISTRIBUCIÓN, ETC.
Lugar de publicación, distribución, etc. Bruxelles :
Nombre del editor, distribuidor, etc. H. Dumont,
Fecha de publicación, distribución, etc. 1836-1840
300 ## - DESCRIPCIÓN FÍSICA
Extensión v.
500 ## - NOTA GENERAL
Nota general La biblioteca tiene: v.1-3
590 ## - NOTA LOCAL (RLIN)
Nota local BATCH-UPD
Procedencia (VM) [OBSOLETO] 10
Condición del los carretes individuales (VM) [OBSOLETO] 20130110
-- UCH01
-- 2226
590 ## - NOTA LOCAL (RLIN)
Nota local BATCH-UPD
Procedencia (VM) [OBSOLETO] 10
Condición del los carretes individuales (VM) [OBSOLETO] 20130410
-- UCH01
-- 1523
590 ## - NOTA LOCAL (RLIN)
Nota local BATCH-UPD
Procedencia (VM) [OBSOLETO] 10
Condición del los carretes individuales (VM) [OBSOLETO] 20130914
-- UCH01
-- 0324
590 ## - NOTA LOCAL (RLIN)
Nota local CONVERSION
Procedencia (VM) [OBSOLETO] 10
Condición del los carretes individuales (VM) [OBSOLETO] 20130109
-- UCH01
-- 1319
650 14 - PUNTO DE ACCESO ADICIONAL DE MATERIA--TÉRMINO DE MATERIA
Término de materia o nombre geográfico como elemento de entrada Anatomía comparada.
9 (RLIN) 5494
901 ## - ELEMENTOS DE DATOS A LOCAL LDA (RLIN)
a BK
942 ## - ELEMENTOS DE PUNTO DE ACCESO ADICIONAL (KOHA)
Tipo de ítem Koha Libro
949 ## - PROCESAMIENTO DE INFORMACIÓN LOCAL (OCLC)
a 591.4 C8
b BC
c BPP
d -89027
e BPP
f v.1
h 4216
i 38948
s i
949 ## - PROCESAMIENTO DE INFORMACIÓN LOCAL (OCLC)
a 591.4 C8
b BC
c BPP
d -89029
e BPP
f v.2
h 4217
i 38948
s i
949 ## - PROCESAMIENTO DE INFORMACIÓN LOCAL (OCLC)
a 591.4 C8
b BC
c BPP
d -89030
e BPP
f v.3
h 4218
i 38948
s i
Holdings
Estado de retiro Estado de pérdida Fuente del sistema de clasificación o colocación Estado dañado Restricciones de uso No para préstamo Código de colección Localización permanente Ubicación/localización actual Fecha de adquisición Información codificada de la localización en otra ubicación Total de préstamos Signatura topográfica completa Código de barras Fecha visto por última vez Número de copia Precio válido a partir de Tipo de ítem Koha
    Dewey Decimal Classification   Préstamo interno   Fondo Reservado Biblioteca Central Biblioteca Central 31/12/2019 LIBRO   591.4 C8 -89027 31/12/2019 v.1 31/12/2019 Libro
    Dewey Decimal Classification   Préstamo interno   Fondo Reservado Biblioteca Central Biblioteca Central 31/12/2019 LIBRO   591.4 C8 -89029 31/12/2019 v.2 31/12/2019 Libro
    Dewey Decimal Classification   Préstamo interno   Fondo Reservado Biblioteca Central Biblioteca Central 31/12/2019 LIBRO   591.4 C8 -89030 31/12/2019 v.3 31/12/2019 Libro